History Quiz

Random History or State Quiz

Most Common Swing States Quiz Stats

 Plays Quiz Updated Jun 6, 2015

Challenge
Share
Tweet
Embed
Score 0/11 Timer 02:00
2 Plays Today
# State % Correct
8Ohio
92.5%
7Virginia
74.9%
7New York
70.9%
11Indiana
68.7%
11California
65%
7New Hampshire
57.6%
7Wisconsin
55.8%
7Kentucky
55.3%
6Missouri
54.7%
9New Jersey
53.3%
7Maryland
53.3%

You're not logged in!

Compare scores with friends on all Sporcle quizzes.
Join for Free
OR
Log In

You Might Also Like...

Show Comments

Extras

Top Quizzes Today


Score Distribution

Your Account Isn't Verified!

In order to create a playlist on Sporcle, you need to verify the email address you used during registration. Go to your Sporcle Settings to finish the process.

Report this User

Report this user for behavior that violates our Community Guidelines.

Details: